000 00449nam a2200133Ia 4500
008 100328s9999 xx 000 0 und d
082 _b68407
100 _aकुलकर्णी उमा-अनु.(मूळ लेखक-एस.एल.भैरप्पा).
245 _aमंद्र.
260 _bमेहता पब्लिशिंग हाऊस.
630 _aमंद्र.
730 _aमंद्र.
942 _cBOOK
999 _c554146
_d554143